000 00279nam a22001337a 4500
041 _aENG
100 _aVerma.U.S
245 _aMachine Drawing
260 _aDelhi
_bDhanpat Rai & Company ( P ) LTD
_c2000
300 _a164
650 _aFMP
700 _aRao .S
856 _uFMP
999 _c522
_d522